00889 a2200181 45000010006000000050017000060080041000230030015000640400040000790800058001192450097001770200018002742640032002923000018003245050328003420410008006701000029006783009420260407155612.0260407a1994 arg spa dAR-UNSa-BCEJYS aAR-UNSa-BCEJYSbspacAR-UNSa-BCEJYS a657(083)xResoluciones Técnicas Contables. Informes10aNormativa, fundamentos y aplicación del modelo de valuaciónpnivel intermedio y superior a950-866-006-6 1aBuenos Aires :bReisac1994 a81 p.c28 cm. a1. Aspectos especiales - 2. Contingencias, hechos posteriores y AREA - 3. Caja y bancos, colocaciones de fondos, prestamos, creditos y pasivos( en moneda argentina) - 4. Prestamos, creditos y pasivos no cancelables en moneda - 5. Bienes de cambio en general - 6. Bienes de uso e inversiones en bienes de naturaleza similar. aspa1 aSenderovich, Pablo David